[Event "Novosibirsk Sukharev Memorial Seniors"]
[Site "Novosibirsk"]
[Date "2011.07.23"]
[Round "6"]
[White "Abanin, Vladimir"]
[Black "Bychkov, Leonid Fedorovich"]
[Result "0-1"]
[WhiteElo "1840"]
[BlackElo "1834"]
[PlyCount "76"]
[EventDate "2011.07.18"]
[EventType "swiss"]
[EventRounds "9"]
[EventCountry "RUS"]
[SourceTitle "EXT 2014"]
[Source "ChessBase"]
[SourceDate "2013.11.20"]
[SourceVersion "1"]
[SourceVersionDate "2013.11.20"]
[SourceQuality "1"]

1. e4 e5 2. d4 exd4 3. Qxd4 Nc6 4. Qa4 Nf6 5. Nc3 Be7 6. Bg5 0-0 7. 0-0-0 d6 8. f3 Bd7 9. g4 a6 10. h4 b5 11. Qb3 Ne5 12. Bxf6 Bxf6 13. g5 Be7 14. f4 Be6 15. Nd5 Bxd5 16. exd5 Nd7 17. Qg3 f6 18. Nf3 Nc5 19. Nd4 b4 20. Bh3 Re8 21. Be6+ Nxe6 22. Nxe6 Qd7 23. Nxg7 Kxg7 24. gxf6+ Kxf6 25. Qg5+ Kf7 26. Qh5+ Kg7 27. Rhg1+ Kh8 28. Rg6 Rg8 29. Re6 Bf8 30. Rde1 Qg7 31. f5 Qg4 32. Qf7 Qxh4 33. R6e4 Qg5+ 34. Kb1 Bg7 35. Re8 Raxe8 36. Qxe8 Rxe8 37. Rxe8+ Bf8 38. Rxf8+ Kg7 0-1

[Event "Novosibirsk Sukharev Memorial Seniors"]
[Site "Novosibirsk"]
[Date "2011.07.20"]
[Round "3"]
[White "Merkuriev, Vyacheslav Aleksand"]
[Black "Bychkov, Leonid Fedorovich"]
[Result "1-0"]
[WhiteElo "1985"]
[BlackElo "1834"]
[PlyCount "89"]
[EventDate "2011.07.18"]
[EventType "swiss"]
[EventRounds "9"]
[EventCountry "RUS"]
[SourceTitle "EXT 2014"]
[Source "ChessBase"]
[SourceDate "2013.11.20"]
[SourceVersion "1"]
[SourceVersionDate "2013.11.20"]
[SourceQuality "1"]

1. e4 e5 2. Nf3 Nf6 3. Nc3 Nc6 4. d3 Be7 5. Be2 0-0 6. 0-0 d5 7. exd5 Nxd5 8. Nxd5 Qxd5 9. b3 Bg4 10. Bb2 Rad8 11. h3 Bh5 12. Nxe5 Bxe2 13. Nxc6 Qxc6 14. Qxe2 Rfe8 15. Qg4 Bf6 16. Bxf6 Qxf6 17. Qc4 c6 18. Rfe1 Qb2 19. a4 Re5 20. Reb1 Qd4 21. Qxd4 Rxd4 22. Re1 Rxe1+ 23. Rxe1 Kf8 24. Kf1 a6 25. Re4 Rd5 26. Ke2 f5 27. Re3 Kf7 28. f4 Kf6 29. c3 h6 30. h4 g5 31. hxg5+ hxg5 32. fxg5+ Kxg5 33. Re7 b5 34. a5 Rc5 35. Kd2 Kf4 36. b4 Rd5 37. Re6 Kg3 38. Rxc6 Kxg2 39. Rxa6 f4 40. Rg6+ Kf2 41. a6 Rd7 42. c4 bxc4 43. b5 Rxd3+ 44. Kc2 Rb3 45. a7 1-0

[Event "Novosibirsk Sukharev Memorial Seniors"]
[Site "Novosibirsk"]
[Date "2011.07.18"]
[Round "1"]
[White "Gavrilov, Gennady"]
[Black "Bychkov, Leonid Fedorovich"]
[Result "1-0"]
[WhiteElo "2136"]
[BlackElo "1834"]
[PlyCount "41"]
[EventDate "2011.07.18"]
[EventType "swiss"]
[EventRounds "9"]
[EventCountry "RUS"]
[SourceTitle "EXT 2014"]
[Source "ChessBase"]
[SourceDate "2013.11.20"]
[SourceVersion "1"]
[SourceVersionDate "2013.11.20"]
[SourceQuality "1"]

1. e4 e5 2. Nf3 Nf6 3. d4 Nxe4 4. Bd3 d5 5. dxe5 Nc6 6. 0-0 Be7 7. Nbd2 Bf5 8. Re1 Nxd2 9. Bxf5 Nxf3+ 10. Qxf3 Nd4 11. Qd3 Nxf5 12. Qxf5 0-0 13. Bf4 Qc8 14. Qd3 Qe6 15. Rad1 Rad8 16. Re3 c5 17. Rg3 c4 18. Qe3 b6 19. Bh6 Bc5 20. Bxg7 Bxe3 21. Bf6+ 1-0